Statistiques concernant Groupes de choses - Disciplines aux Jeux européens 2023

Cliquez ici pour prendre le quiz!

Statistiques générales

  • Ce quiz a été pris 59 fois
    (31 depuis la dernière actualisation)
  • Le résultat moyen est 5 sur 32

Statistiques - réponses

IndiceRéponse% Correct
Sports de combatsJudo
68%
Sports de combatsKaraté
60%
TirsTir à l'arc
48%
Sports collectifsBasketball
44%
Sports de raquetteTennis de table
40%
Sports collectifsVolleyball
40%
Sports de raquetteBadminton
36%
Sports de combatsEscrime
28%
Gymnastique/danseGymnastique artistique
24%
Gymnastique/danseGymnastique rythmique
20%
Sports de combatsTaekwondo
20%
Sports collectifsRugby à 7
16%
Disciplines combinéesTriathlon
16%
CyclismeVTT
16%
CyclismeCyclisme sur route
12%
Sports de combatsLutte gréco-romaine
12%
Disciplines combinéesPentathlon
12%
Gymnastique/danseDanse sportive
8%
Sports de combatsLutte libre
8%
Gymnastique/danseTrampoline
8%
Sports collectifsBeach volley
4%
Gymnastique/danseGymnastique acrobatique
4%
TirsTir sportif
4%
Gymnastique/danseAérobic
0%
Sports collectifsBeach hanbball
0%
Sports d'eauCanoë-kayak Eau plate
0%
Sports d'eauCanoë-kayak Slalom
0%
AthlétismeCourse en montagne
0%
CyclismeCyclisme contre la montre
0%
Autres disciplinesEscalade
0%
Autres disciplinesHaltérophilie
0%
Sports d'eauNatation artistique
0%

Distribution des résultats

Percentile par nombre de réponses

% des personnes avec chaque résultat

Votre développement - résultats

Vous n’avez pas pris ce quiz depuis la dernière actualisation